000 00285nam a22001337a 4500
008 170324b xxu||||| |||| 00| 0 eng d
020 _a9781450402200
041 _aeng
080 _a61582
100 _a8
101 _aSHM
245 _aMUSCLE AND STRENGH
_cCABRAL.S
942 _2udc
_cBK
999 _c8632
_d8632